000 00282nam a22001337a 4500
008 171031b xxu||||| |||| 00| 0 eng d
020 _a9781401323493
041 _aeng
080 _a33
100 _a58
101 _aBUS
245 _aVIRAL LOOP
_cPENENBERG,A.L
942 _2udc
_cBK
999 _c36643
_d36643